Laboratory exercises in physical optics
Gardado en:
| Main Authors: | , |
|---|---|
| Formato: | Libro |
| Idioma: | inglés |
| Publicado: |
Berkeley
James J. Gillick
1930
|
| Subjects: | |
| Tags: |
Engadir etiqueta
Sen Etiquetas, Sexa o primeiro en etiquetar este rexistro!
|
MARC
| LEADER | 00000nam a2200000 a 4500 | ||
|---|---|---|---|
| 001 | UCR4978 | ||
| 003 | CL-VaPUC | ||
| 008 | 980320e19300000US |||||||||||||||||eng|d | ||
| 082 | 0 | 4 | |a 535.2 |b MIN |2 21 |
| 100 | |a Minor, Ralph |e autor |9 405629 | ||
| 700 | 0 | |a White, Harvey |e author |9 405630 | |
| 245 | 1 | 0 | |a Laboratory exercises in physical optics |
| 300 | |a 69 p | ||
| 942 | |c BK | ||
| 945 | |d 19980320 00:00:00 |a crobeson | ||
| 260 | |a Berkeley |b James J. Gillick |c 1930 | ||
| 650 | 7 | |a FISICA OPTICA |2 CL-VaPUC |9 355298 | |
| 650 | 0 | |a Optica |9 263171 | |
| 650 | 7 | |a INSTRUMENTOS |2 CL-VaPUC |9 354981 | |
| 583 | |a last modification |c 19980320 00:00:00 |k Rodrigo Vera | ||
| 999 | |c 267753 |d 267751 | ||
| 952 | |0 0 |1 0 |4 0 |6 535_200000000000000_MIN_1930 |7 0 |8 A |9 300266 |a BIBALI |b BIBALI |c GEN |d 2019-11-20 |i 1969080 |o 535.2 MIN 1930 |p 1969080 |r 2025-01-20 |w 2019-11-20 |y BK |k ALI | ||